| 000 | 00773nam a2200253Ia 4500 | ||
|---|---|---|---|
| 001 | u4570 | ||
| 003 | SIRSI | ||
| 005 | 20180220094143.0 | ||
| 008 | 900913s1991 nyua c 001 0 eng c | ||
| 020 | _a0471567515 (acidfree paper) | ||
| 039 | 9 |
_a200212031237 _bsafaa _y200203190936 _zload |
|
| 040 | _aEAL | ||
| 050 |
_aQR181 _bB45 1991 |
||
| 100 | 1 | 0 | _aBenjamini, Eli. |
| 245 | 1 | 0 |
_aImmunology : _ba short course / _cEli Benjamini, Sidney Leskowitz. |
| 250 | _a2nd ed. | ||
| 260 | 0 |
_aNew York : _bWiley-Liss, _cc1991. |
|
| 300 |
_axxvi, 459 p. : _bill. (some col.) ; _c24 cm. |
||
| 504 | _aIncludes bibliographical references and index. | ||
| 596 | _a1 | ||
| 650 | 0 | _aImmunology. | |
| 700 | 1 | 0 | _aLeskowitz, Sidney. |
| 942 |
_cBK _2lcc |
||
| 999 |
_c30725 _d30725 |
||